Postavenie Eurázijskej hospodárskej únie v zahraničnom obchode Európskej únie diplomová práca

Guardado en:
Detalles Bibliográficos
Autor principal: Grachová, Miroslava
Autor Corporativo: Obchodná fakulta EU. Katedra medzinárodného obchodu
Otros Autores: Kašťáková, Elena, 1974-
Formato: Libro
Lenguaje:eslovaco
Publicado: Bratislava 2022
Etiquetas: Agregar Etiqueta
Sin Etiquetas, Sea el primero en etiquetar este registro!

MARC

LEADER 00000nbm a2200000 4500
001 0284176
005 20221202103631.6
041 0 |a slo 
044 |a SK 
245 1 0 |a Postavenie Eurázijskej hospodárskej únie v zahraničnom obchode Európskej únie  |b diplomová práca  |c Miroslava Grachová ; školiteľ: Elena Kašťáková 
264 1 |a Bratislava  |c 2022 
300 |a 73 s. 
100 1 |a Grachová, Miroslava 
700 1 |a Kašťáková, Elena, 1974- 
710 2 |a Obchodná fakulta EU. Katedra medzinárodného obchodu